A search for souls: (Record no. 10986)

000 -LEADER
fixed length control field 00645nam a2200181 a 4500
001 - CONTROL NUMBER
control field :::00008779$&:&@@
003 - CONTROL NUMBER IDENTIFIER
control field OkBaRHE
005 - DATE AND TIME OF LATEST TRANSACTION
control field 20000607103346.0
008 - FIXED-LENGTH DATA ELEMENTS--GENERAL INFORMATION
fixed length control field s1925 j 000 0 eng u
040 ## - CATALOGING SOURCE
Transcribing agency
100 1# - MAIN ENTRY--PERSONAL NAME
Personal name Scarborough, L. R.
245 12 - TITLE STATEMENT
Title A search for souls:
Remainder of title a study in the finest arts--winning the lost to Christ.
260 ## - PUBLICATION, DISTRIBUTION, ETC. (IMPRINT)
Place of publication, distribution, etc Nashville, TN.,
Name of publisher, distributor, etc Sunday School Board of the Southern Baptist Convention
Date of publication, distribution, etc c1925
300 ## - PHYSICAL DESCRIPTION
Extent 144 p. ;
Dimensions 20 cm.
650 ## - SUBJECT ADDED ENTRY--TOPICAL TERM
Topical term or geographic name as entry element Evangelistic Work
General subdivision Study and Teaching
942 ## - ADDED ENTRY ELEMENTS (KOHA)
Source of classification or shelving scheme
Koha item type Books
Copies
Barcode Source of classification or shelving scheme Date last seen Withdrawn status Full call number Not for loan Date acquired Koha item type Copy number Permanent Location Damaged status Shelving location Price effective from Lost status
8779 2010-04-14 BV 3795 .S217 2010-04-14Books1RHEMA Bible Training College General Stacks2010-04-14